Central Library OPAC University of Rajshahi

commttee on industry and trade: survey of overseas markets / (Record no. 9940)

MARC details
000 -LEADER
fixed length control field 00655nam a22002297a 4500
001 - CONTROL NUMBER
control field 9940
003 - CONTROL NUMBER IDENTIFIER
rucl marc code BD-RjUL
005 - DATE AND TIME OF LATEST TRANSACTION
control field 20211208234852.0
008 - FIXED-LENGTH DATA ELEMENTS--GENERAL INFORMATION
fixed length control field 140122b1927 - ||||| |||| 00| 0 eng d
035 ## - SYSTEM CONTROL NUMBER
System control number (BD-RjUL)9986
040 ## - CATALOGING SOURCE
Original cataloging agency BD-RjUL
Language of cataloging eng
Transcribing agency BD-RjUL
Modifying agency BD-RjUL
041 ## - LANGUAGE CODE
Language code of text/sound track or separate title eng
082 04 - DEWEY DECIMAL CLASSIFICATION NUMBER
Classification number 661.0732
Author mark and year COM 1927
110 ## - MAIN ENTRY--CORPORATE NAME
Corporate name or jurisdiction name as entry element majesty's stationery office.
9 (RLIN) 30712
245 10 - TITLE STATEMENT
Title commttee on industry and trade: survey of overseas markets /
260 ## - PUBLICATION, DISTRIBUTION, ETC. (IMPRINT)
Place of publication, distribution, etc. london:
Name of publisher, distributor, etc. majesty's stationery office.
Date of publication, distribution, etc. 1927
300 #2 - PHYSICAL DESCRIPTION
Pagination 740 p.:
Size 24 cm.
504 ## - BIBLIOGRAPHY, ETC. NOTE
Bibliography, etc includes index
650 #0 - SUBJECT ADDED ENTRY--TOPICAL TERM
Topical term or geographic name as entry element committee
9 (RLIN) 30710
Topical term or geographic name as entry element industry and trade
9 (RLIN) 30711
942 ## - ADDED ENTRY ELEMENTS (KOHA)
Source of classification or shelving scheme Dewey Decimal Classification
Koha item type Books
Holdings
Lost status Source of classification or shelving scheme Damaged status Not for loan Collection code Permanent Location Current Location Shelving location Date acquired Source of acquisition Cost, normal purchase price Total Checkouts Full call number Date last seen Copy number Koha item type
  Dewey Decimal Classification   Not For Loan Non-fiction Central Library, University of Rajshahi Central Library, University of Rajshahi Reading Room 31/01/1962 A.I qurish 6.00   661.0732 COM 1927 22/01/2014 C-1 Books